MARC

Tag First Indicator Second Indicator Subfields
LEADER 00000pam a2200000 a 4500
001 in00000511103
005 20151013070037.0
008 830721s1983 ne a b 10100 eng
010 |a  83015956  
020 |a 9027716560 
035 |a (OCoLC)09783720 
035 |9 ACD9845AM 
039 0 |a 2  |b 3  |c 3  |d 3  |e 3 
040 |a DLC  |c DLC  |d TXA  |d UtOrBLW 
049 |a TXAM  |c [271388] 
050 0 0 |a QC883.4  |b .N37 1982 
082 0 |a 551.5  |2 19 
111 2 |a NATO Advanced Study Institute on Mesoscale Meteorology-Theories, Observations, and Models  |d (1982 :  |c Bonas, France) 
245 1 0 |a Mesoscale meteorology-theories, observations, and models /  |c edited by Douglas K. Lilly and Tzvi Gal-Chen. 
264 1 |a Dordrecht [Holland] ;  |a Boston :  |b Published in cooperation with NATO Scientific Affairs Division [by] D. Reidel Pub. Co. ;  |c [1983] 
264 2 |a Hingham, MA :  |b Sold and distributed in the U.S.A. and Canada by Kluwer Academic Publishers, 
264 4 |c ©1983 
300 |a x, 781 pages :  |b illustrations ;  |c 25 cm. 
336 |a text  |b txt  |2 rdacontent 
337 |a unmediated  |b n  |2 rdamedia 
338 |a volume  |b nc  |2 rdacarrier 
490 1 |a NATO ASI series. Series C, Mathematical and physical sciences ;  |v v. 114 
500 |a "Proceedings of the NATO Advanced Study Institute on Mesoscale Meteorology-Theories, Observations, and Models, Bonas, France, July 13-31, 1982"--Verso title page. 
504 |a Includes bibliographies and index. 
650 0 |a Mesometeorology  |x Congresses. 
700 1 |a Lilly, D. K.  |q (Douglas Keith),  |d 1929- 
700 1 |a Gal-Chen, Tzvi,  |d 1941-1994. 
710 2 |a North Atlantic Treaty Organization.  |b Scientific Affairs Division. 
830 0 |a NATO ASI series.  |n Series C,  |p Mathematical and physical sciences ;  |v no. 114. 
999 |a MARS 
999 f f |s 5d58cbbe-4831-3736-8826-8ae17a65e5d3  |i b5913844-1a31-3a2d-8ad0-e54fb93a5ec8  |t 0 
952 f f |p ric  |a Texas A&M University  |b Rellis Campus  |c Joint Library Facility  |d Remote Storage  |t 0  |e QC883.4 .N37 1982  |h Library of Congress classification  |i unmediated -- volume  |m A14807843935 
998 f f |a QC883.4 .N37 1982  |t 0  |l Remote Storage